| 000 | 00689cam a22002291 4500 | ||
|---|---|---|---|
| 001 | f 01003673 | ||
| 003 | DLC | ||
| 005 | 20260227111247.0 | ||
| 008 | 801208s1868 fr 000 0 fre | ||
| 010 | _af 01003673 | ||
| 035 | _a(OCoLC)7009657 | ||
| 040 |
_aDLC _cOCl _dDLC |
||
| 041 | 0 | _afreakk | |
| 042 | _apremarc | ||
| 050 | 0 | 0 |
_aPJ3251 _b.M5 |
| 100 | 1 |
_aMenant, Joachim, _d1820-1899. |
|
| 245 | 0 | 0 | _aExposé des éléments de la grammaire assyrienne. |
| 260 |
_aParis, _bImprimerie impériale, _c1868. |
||
| 300 | _a2 p. l., iv, 392 p. | ||
| 530 | _aAlso available in digital form on the Internet Archive Web site. | ||
| 856 | 4 | 1 | _uhttp://hdl.loc.gov/loc.gdc/scd0001.00272507892 |
| 999 |
_c23145 _d23145 |
||